000 00939nam a2200253 a 4500
001 BRL_1085
005 20190320211028.0
008 081113s1947----mx-ao#####---#000-0#eng-#
041 _aeng
044 _amx
050 4 _aGR115
_b.T66 1947
100 1 _aToor, Frances
_d1890-1956
_925768
245 1 0 _aA treasury of mexican folkways
_bthe customs, myths, folklore, traditions, beliefs, fiestas, dances, and songs of the mexican people. Illustrated with 10 color plates, 100 drawings by Carlos Mérida, and 170 photographs
_cby Frances Toor.
260 _aMéxico
_bCrown Publishers
_c1947
300 _axxxii, 566 p.
_bil.
_c24 cm.
500 _aAu1222
500 _aEstado físico: Camisa desecha
504 _aBibliografía: p. 547-551
650 1 4 _aFolklore
_zMéxico
_925769
650 1 4 _aMúsica folklórica
_zMéxico
_925770
651 4 _aIndígenas de México
_xVida social y costumbres
_925771
902 _aGRL
942 _2lcc
_cB
999 _c9897
_d9897